000 00856nam a2200253Ia 4500
003 OSt
005 20220923212449.0
006 a|||||r|||| 00| 0
007 ta
008 220922b |||||||| |||| 00| 0 hin d
024 _a153,242
037 _cTextual
040 _aARTS
_cARTS
_bhin
041 _2hin
_ahin
082 _aO152v, L3
100 _aवासुदेव सिंह
_9156275
245 0 _aहिन्दी साहित्य का उदभव काल
246 _aHindī sāhitya kā udabhav kāla
260 _aवाराणासी
_b हिन्दी प्रचारक संस्थान
_c1973
300 _a264 पृ.
_ccm.
650 _aहिन्दी साहित्य
_9156264
942 _hO152v, L3
_cTEXL
_2CC
999 _c308889
_d308889